000 00595nam a2200181 a 4500
020 _a9789588317205
090 _aLB
_b05354
041 _aspa
100 _aAgudelo Córdoba, Edwin
_911439
245 _aComo conservar y utilizar los desperdicios del pescado
_bel ensilado biológico como alternativa
260 _aBogotá
_bInstituto Alexander von Humboldt
_c2007
300 _a32 p.
662 _aColombia
_bAmazonas
700 _aAlonso González, Juan Carlos
_915075
700 _aCuevas Tarazona, Diana Concepción
_992619
700 _aNúñez Dasilva, Francisco
_992620
942 _cIMPRESO
999 _c6652
_d6652